| 000 | 00911nac a2200289 i 4500 | ||
|---|---|---|---|
| 003 | EG-GICUC | ||
| 005 | 20260121101542.0 | ||
| 008 | 251228s2001 -uk r fr 000 0 engeng d | ||
| 040 |
_aEG-GiCUC _beng _cEG-GiCUC _dEG-GiCUC _erda |
||
| 082 | 0 | 4 |
_221 _a343.6 |
| 092 | 0 | 4 | _221 |
| 099 | _aLaw 10 2001 | ||
| 245 | 0 | 0 |
_aShame management through reintegration / _cEliza Ahmed... [et-al]. |
| 264 |
_aCambridge : _bCambridge university press, _c2001. |
||
| 300 |
_axiv, 375 pages ; _c24 cm |
||
| 336 |
_2rda content _atext |
||
| 337 |
_2rda media _aComputer |
||
| 338 |
_2rda carrier _aOnline Resource |
||
| 490 | _3Cambridge criminology series | ||
| 504 | _aIncludes bibliographical references page (331-364) and index | ||
| 650 | 1 | 0 | _aCriminology |
| 651 | 1 | _2qrmak | |
| 700 | 1 | _aAhmed, Eliza. | |
| 856 | 4 | 0 | _uhttps://fll.law.cu.edu.eg/fulltext/bks/ENGB10-00097.pdf |
| 905 | _a10 | ||
| 942 |
_2ddc _cBK _e21 _n0 |
||
| 999 |
_c52792 _d52792 |
||